[Event "AUT-chT (Women) 2223"]
[Site "Austria"]
[Date "2022.10.23"]
[Round "4.4"]
[White "Boric, Elena"]
[Black "Krassnitzer, Maria"]
[Result "1-0"]
[WhiteElo "2120"]
[BlackElo "1637"]
[PlyCount "37"]
[EventDate "2022.10.21"]
[EventType "team-tourn"]
[EventRounds "9"]
[EventCountry "AUT"]
[SourceTitle "EXT 2024"]
[Source "ChessBase"]
[SourceDate "2023.10.10"]
[SourceVersion "1"]
[SourceVersionDate "2023.10.10"]
[SourceQuality "1"]
[WhiteTeam "Pamhagen (W)"]
[BlackTeam "St Veit/Glan (W)"]
[WhiteTeamCountry "AUT"]
[BlackTeamCountry "AUT"]

1. e4 e5 2. Nf3 Nc6 3. Bb5 d6 4. d4 exd4 5. Nxd4 Bd7 6. Nc3 Nxd4 7. Bxd7+ Qxd7 8. Qxd4 Nf6 9. Bg5 Be7 10. 0-0-0 Qg4 11. h4 a6 12. g3 h6 13. Be3 0-0 14. f3 Qe6 15. g4 c5 16. Qd2 b5 17. g5 hxg5 18. hxg5 b4 19. Qh2 1-0

[Event "AUT-chT (Women)"]
[Site "Austria"]
[Date "2021.01.23"]
[Round "2.1"]
[White "Tscharnuter, Alexandra"]
[Black "Boric, Elena"]
[Result "0-1"]
[WhiteElo "1775"]
[BlackElo "2179"]
[PlyCount "150"]
[EventDate "2021.01.22"]
[EventType "team-tourn"]
[EventRounds "3"]
[EventCountry "AUT"]
[SourceTitle "CBM 200 Extra"]
[Source "ChessBase"]
[SourceDate "2021.03.31"]
[SourceVersion "1"]
[SourceVersionDate "2021.03.31"]
[SourceQuality "1"]
[WhiteTeam "Feffernitz (W)"]
[BlackTeam "Pamhagen (W)"]
[WhiteTeamCountry "AUT"]
[BlackTeamCountry "AUT"]

1. e4 Nf6 2. e5 Nd5 3. d4 d6 4. Bc4 c6 5. Nf3 Bg4 6. h3 Bxf3 7. Qxf3 e6 8. 0-0 Qb6 9. c3 Nd7 10. Re1 dxe5 11. dxe5 Be7 12. Nd2 0-0-0 13. Bxd5 exd5 14. Nb3 f6 15. Qg4 fxe5 16. Rxe5 Bd6 17. Re2 Qa6 18. Bg5 Rde8 19. Re3 Qc4 20. Qxc4 dxc4 21. Nd2 h6 22. Rxe8+ Rxe8 23. Be3 Ne5 24. Kf1 b5 25. Ne4 Bc7 26. b3 cxb3 27. axb3 a5 28. Bd4 Nd7 29. Nd2 g6 30. g4 Bf4 31. Nf3 c5 32. Bxc5 Nxc5 33. Rxa5 Nxb3 34. Rxb5 Nd2+ 35. Kg2 Nxf3 36. Kxf3 Rf8 37. Ke4 Kc7 38. c4 Bc1 39. f3 Rf4+ 40. Kd5 Rxf3 41. Rc5+ Kd7 42. Ra5 Rxh3 43. Ra7+ Ke8 44. c5 Rd3+ 45. Ke6 Ra3 46. Rb7 Ra6+ 47. Kd5 Bf4 48. Rb4 g5 49. c6 Ra5+ 50. Ke6 Re5+ 51. Kf6 Rc5 52. Rb6 Kd8 53. Kg6 Bc7 54. Ra6 Ra5 55. Rxa5 Bxa5 56. Kxh6 Bd2 57. Kg6 Kc7 58. Kf5 Kxc6 59. Ke4 Kc5 60. Ke5 Kc4 61. Ke4 Bc1 62. Kf3 Kd3 63. Kf2 Ke4 64. Kg3 Ke3 65. Kg2 Kf4 66. Kh3 Kf3 67. Kh2 Kxg4 68. Kg2 Kh4 69. Kh2 Bf4+ 70. Kg2 Kg4 71. Kg1 Kh3 72. Kh1 g4 73. Kg1 g3 74. Kh1 g2+ 75. Kg1 Be3# 0-1

[Event "AUT-chT (Women)"]
[Site "Austria"]
[Date "2021.01.22"]
[Round "1.1"]
[White "Boric, Elena"]
[Black "Krassnitzer, Maria"]
[Result "1-0"]
[WhiteElo "2179"]
[BlackElo "1659"]
[PlyCount "41"]
[EventDate "2021.01.22"]
[EventType "team-tourn"]
[EventRounds "3"]
[EventCountry "AUT"]
[SourceTitle "CBM 200 Extra"]
[Source "ChessBase"]
[SourceDate "2021.03.31"]
[SourceVersion "1"]
[SourceVersionDate "2021.03.31"]
[SourceQuality "1"]
[WhiteTeam "Pamhagen (W)"]
[BlackTeam "St Veit/Glan (W)"]
[WhiteTeamCountry "AUT"]
[BlackTeamCountry "AUT"]

1. e4 e5 2. Nf3 Nf6 3. Nxe5 d6 4. Nf3 Nxe4 5. d4 Be7 6. Bd3 d5 7. 0-0 0-0 8. c4 c6 9. Nc3 Bf5 10. Qc2 Re8 11. Nxe4 Bxe4 12. Bxe4 dxe4 13. Qxe4 Bf6 14. Qg4 Nd7 15. Be3 c5 16. dxc5 Bxb2 17. Rab1 Nf6 18. Qf5 Bc3 19. Rxb7 Re7 20. c6 Rc7 21. Rb3 1-0

[Event "BL 1819 (Women)"]
[Site "Germany"]
[Date "2019.03.02"]
[Round "10.2"]
[White "Antolak, Julia"]
[Black "Boric, Elena"]
[Result "1-0"]
[WhiteElo "2240"]
[BlackElo "2190"]
[PlyCount "85"]
[EventDate "2018.10.27"]
[EventType "team-tourn"]
[EventRounds "11"]
[EventCountry "GER"]
[SourceTitle "CBM 189 Extra"]
[Source "ChessBase"]
[SourceDate "2019.06.03"]
[SourceVersion "1"]
[SourceVersionDate "2019.06.03"]
[SourceQuality "1"]
[WhiteTeam "Harksheide (W)"]
[BlackTeam "Bayern Muenchen (W)"]
[WhiteTeamCountry "GER"]
[BlackTeamCountry "GER"]

1. e4 e6 2. d4 d5 3. Nd2 Nf6 4. e5 Nfd7 5. Bd3 c5 6. c3 Nc6 7. Ne2 cxd4 8. cxd4 f6 9. exf6 Nxf6 10. 0-0 Bd6 11. Nf3 Qc7 12. Bg5 0-0 13. Bh4 Bd7 14. Bg3 Rac8 15. Rc1 Bxg3 16. hxg3 Qd6 17. Nf4 e5 18. Rxc6 Qxc6 19. dxe5 Ne4 20. Bb1 Rxf4 21. gxf4 Bg4 22. Bxe4 dxe4 23. Nd4 Qd7 24. Qb3+ Kh8 25. Nb5 Be2 26. Nd6 Bxf1 27. Nxc8 Qxc8 28. Kxf1 Qc1+ 29. Ke2 Qxf4 30. Qd5 h6 31. e6 Qc7 32. Qxe4 Qe7 33. Qd5 Kg8 34. g3 a6 35. Qd7 Kf8 36. Qc8+ Qe8 37. Qxe8+ Kxe8 38. f4 g6 39. g4 Ke7 40. f5 Kf6 41. Kf3 h5 42. gxh5 gxf5 43. h6 1-0

[Event "AUT-chT (Women) 1718"]
[Site "Austria"]
[Date "2018.04.08"]
[Round "9.1"]
[White "Boric, Elena"]
[Black "Schnegg, Anna Lena"]
[Result "1/2-1/2"]
[WhiteElo "2176"]
[BlackElo "2114"]
[PlyCount "62"]
[EventDate "2017.11.24"]
[EventType "team-tourn"]
[EventRounds "9"]
[EventCountry "AUT"]
[SourceTitle "EXT 2019"]
[Source "ChessBase"]
[SourceDate "2018.10.10"]
[SourceVersion "1"]
[SourceVersionDate "2018.10.10"]
[SourceQuality "1"]
[WhiteTeam "Wulkaprodersdorf (W)"]
[BlackTeam "Mayrhofen/Zillertal (W)"]
[WhiteTeamCountry "AUT"]
[BlackTeamCountry "AUT"]

1. Nf3 c5 2. g3 Nc6 3. Bg2 g6 4. 0-0 Bg7 5. e4 d6 6. Nc3 e5 7. d3 Nge7 8. Nh4 Be6 9. f4 exf4 10. Bxf4 h6 11. Be3 0-0 12. Qd2 Kh7 13. Ne2 Qa5 14. Qxa5 Nxa5 15. c3 Rac8 16. Nf4 Bd7 17. Nd5 Nxd5 18. exd5 b6 19. Rae1 Rce8 20. Bd2 Rxe1 21. Rxe1 Re8 22. Rxe8 Bxe8 23. Kf2 Bd7 24. Nf3 Bf5 25. Bf1 Nb7 26. h3 h5 27. Bf4 f6 28. h4 Bh6 29. Ke3 Bxf4+ 30. Kxf4 Kh6 31. Nd2 Nd8 1/2-1/2

[Event "AUT-chT (Women) 1718"]
[Site "Austria"]
[Date "2018.04.07"]
[Round "8.5"]
[White "Rozman, Monika"]
[Black "Boric, Elena"]
[Result "0-1"]
[WhiteElo "2049"]
[BlackElo "2176"]
[PlyCount "139"]
[EventDate "2017.11.24"]
[EventType "team-tourn"]
[EventRounds "9"]
[EventCountry "AUT"]
[SourceTitle "EXT 2019"]
[Source "ChessBase"]
[SourceDate "2018.10.10"]
[SourceVersion "1"]
[SourceVersionDate "2018.10.10"]
[SourceQuality "1"]
[WhiteTeam "Feffernitz (W)"]
[BlackTeam "Wulkaprodersdorf (W)"]
[WhiteTeamCountry "AUT"]
[BlackTeamCountry "AUT"]

1. e4 e6 2. d4 d5 3. Nd2 c5 4. exd5 Qxd5 5. Ngf3 cxd4 6. Bc4 Qd6 7. 0-0 Nf6 8. Nb3 Nc6 9. Nbxd4 Bd7 10. Re1 Nxd4 11. Nxd4 Be7 12. Bg5 0-0 13. Bb3 Rad8 14. c3 Qc5 15. Be3 Qh5 16. Qxh5 Nxh5 17. Rad1 Rfe8 18. Nf3 b6 19. Ne5 Nf6 20. a4 Kf8 21. h3 h6 22. a5 Bc5 23. Bxc5+ bxc5 24. Nxd7+ Rxd7 25. Rxd7 Nxd7 26. Ba4 Ke7 27. f4 Rb8 28. b3 Nf6 29. f5 Nd5 30. fxe6 fxe6 31. Rd1 Nxc3 32. Rd7+ Kf6 33. Bc6 Rxb3 34. Rxa7 Ne2+ 35. Kh2 Nd4 36. Be8 Ra3 37. a6 Ke5 38. h4 c4 39. Rc7 Rxa6 40. Rc5+ Kf6 41. Rxc4 Nf5 42. Rf4 Ra2 43. h5 Rd2 44. Bg6 Rd4 45. Rf3 Rh4+ 46. Kg1 Rg4 47. Kf2 Kg5 48. g3 Rb4 49. Bf7 Rb2+ 50. Kg1 Kg4 51. Rd3 Re2 52. Kf1 Re5 53. Kf2 Kg5 54. Be8 Rd5 55. Ra3 e5 56. Ra7 Rd2+ 57. Ke1 Rg2 58. Ra5 Rxg3 59. Kf2 Kf4 60. Bg6 Rf3+ 61. Kg1 Ne3 62. Ra7 Kg3 63. Bd3 Ng4 64. Bf1 Kh4 65. Kg2 Rg3+ 66. Kh1 Nf2+ 67. Kh2 Rg5 68. Be2 Ng4+ 69. Kh1 Kg3 70. Kg1 0-1

[Event "EU-ch rapid (Women)"]
[Site "Monte Carlo"]
[Date "2017.10.22"]
[Round "9"]
[White "Boric, Elena"]
[Black "Dzagnidze, Nana"]
[Result "0-1"]
[WhiteElo "2176"]
[BlackElo "2520"]
[PlyCount "146"]
[EventDate "2017.10.21"]
[EventType "swiss (rapid)"]
[EventRounds "11"]
[EventCountry "MNC"]
[SourceTitle "CBM 181 Extra"]
[Source "ChessBase"]
[SourceDate "2017.12.12"]
[SourceVersion "1"]
[SourceVersionDate "2017.12.12"]
[SourceQuality "1"]

1. e4 c5 2. Nf3 d6 3. d4 cxd4 4. Qxd4 a6 5. Be3 Nc6 6. Qb6 Qxb6 7. Bxb6 Bg4 8. c3 g6 9. Nbd2 Bh6 10. h3 Bxf3 11. Nxf3 Nf6 12. Bd3 Nd7 13. Bd4 Nxd4 14. Nxd4 e6 15. 0-0 Ke7 16. Rad1 Rac8 17. g3 Ne5 18. Kg2 Rhd8 19. f4 Nc4 20. Bxc4 Rxc4 21. Kf3 Bg7 22. Nc2 Rc6 23. Nd4 Rc4 24. Nc2 Rdc8 25. Rd3 R4c6 26. Nd4 Rb6 27. Rf2 a5 28. Rfd2 a4 29. a3 Rc4 30. Ne2 Rc7 31. Nc1 f5 32. exf5 gxf5 33. Na2 h5 34. Nb4 Rc4 35. Re2 Kf7 36. h4 Bf6 37. Red2 d5 38. Re2 Be7 39. Na2 Bf6 40. Nb4 Re4 41. Red2 Re1 42. Rd1 Re4 43. R1d2 Rb5 44. Rd1 Rc5 45. R1d2 Rb5 46. Rd1 Be7 47. Rd4 Bc5 48. R4d3 Rb6 49. R1d2 Bxb4 50. axb4 Ra6 51. Rd4 a3 52. bxa3 Rxa3 53. R4d3 Rc4 54. Rc2 Ke7 55. Ke2 b5 56. Kd2 Kd6 57. Re3 d4 58. Rd3 Kd5 59. Rxd4+ Rxd4+ 60. cxd4 Kxd4 61. Rc6 Rxg3 62. Rxe6 Rg2+ 63. Ke1 Kc4 64. Re5 Rg4 65. Rxf5 Rxh4 66. Kd2 Kxb4 67. Kd3 Rh1 68. Rf8 h4 69. f5 h3 70. Rh8 h2 71. Rh4+ Kc5 72. f6 Rd1+ 73. Ke2 h1Q 0-1

[Event "AUT-chT (Women) 1617"]
[Site "Austria"]
[Date "2017.03.26"]
[Round "5.3"]
[White "Boric, Elena"]
[Black "Kremer, Nadine"]
[Result "1-0"]
[WhiteElo "2213"]
[BlackElo "1825"]
[PlyCount "63"]
[EventDate "2017.01.14"]
[EventType "team-tourn"]
[EventRounds "11"]
[EventCountry "AUT"]
[SourceTitle "EXT 2018"]
[Source "ChessBase"]
[SourceDate "2017.10.13"]
[SourceVersion "1"]
[SourceVersionDate "2017.10.13"]
[SourceQuality "1"]
[WhiteTeam "Wulkaprodersdorf (W)"]
[BlackTeam "Tschaturanga (W)"]
[WhiteTeamCountry "AUT"]
[BlackTeamCountry "AUT"]

1. d4 Nf6 2. Nf3 g6 3. c4 c5 4. d5 b5 5. cxb5 a6 6. bxa6 Bxa6 7. Nc3 Bg7 8. g3 0-0 9. Bg2 d6 10. 0-0 Nbd7 11. Qc2 Nb6 12. Rd1 Bb7 13. e4 Ra5 14. Rb1 Qa8 15. a3 e6 16. b4 cxb4 17. Rxb4 Rc8 18. Rxb6 Rac5 19. dxe6 Rxc3 20. exf7+ Kf8 21. Qd2 Nxe4 22. Qf4 Qa7 23. Be3 Rxe3 24. Rxb7 Qxb7 25. Qxe3 Rc3 26. Qe2 d5 27. Ng5 Qe7 28. Bxe4 dxe4 29. Rd8+ Qxd8 30. Ne6+ Ke7 31. Nxd8 Kxd8 32. Qxe4 1-0

[Event "BL 1617 (Women)"]
[Site "Germany"]
[Date "2017.01.22"]
[Round "4.1"]
[White "Boric, Elena"]
[Black "Richterova, Natasa"]
[Result "1/2-1/2"]
[WhiteElo "2224"]
[BlackElo "2186"]
[PlyCount "53"]
[EventDate "2016.10.22"]
[EventType "team-tourn"]
[EventRounds "11"]
[EventCountry "GER"]
[SourceTitle "EXT 2018"]
[Source "ChessBase"]
[SourceDate "2017.10.13"]
[SourceVersion "1"]
[SourceVersionDate "2017.10.13"]
[SourceQuality "1"]
[WhiteTeam "Bayern Muenchen (W)"]
[BlackTeam "Erfurt Medizin (W)"]
[WhiteTeamCountry "GER"]
[BlackTeamCountry "GER"]

1. e4 e5 2. Nf3 Nc6 3. Bb5 Nf6 4. Qe2 d6 5. d4 Nd7 6. c3 a6 7. Bxc6 bxc6 8. dxe5 Nxe5 9. Nxe5 dxe5 10. 0-0 Bd6 11. Qc4 Bd7 12. Nd2 0-0 13. Nb3 Qe7 14. Be3 c5 15. Rfd1 Be6 16. Qe2 Rfb8 17. Qc2 c4 18. Nd2 Qe8 19. b3 cxb3 20. axb3 Qc6 21. Ra2 Qb7 22. c4 Bb4 23. h3 f6 24. Nf1 Bf8 25. Nd2 Bb4 26. Nf1 Bf8 27. Nd2 1/2-1/2

[Event "BL 1617 (Women)"]
[Site "Germany"]
[Date "2017.01.21"]
[Round "3.1"]
[White "Sieber, Fiona"]
[Black "Boric, Elena"]
[Result "1-0"]
[WhiteElo "2268"]
[BlackElo "2224"]
[PlyCount "201"]
[EventDate "2016.10.22"]
[EventType "team-tourn"]
[EventRounds "11"]
[EventCountry "GER"]
[SourceTitle "EXT 2018"]
[Source "ChessBase"]
[SourceDate "2017.10.13"]
[SourceVersion "1"]
[SourceVersionDate "2017.10.13"]
[SourceQuality "1"]
[WhiteTeam "Lehrte (W)"]
[BlackTeam "Bayern Muenchen (W)"]
[WhiteTeamCountry "GER"]
[BlackTeamCountry "GER"]

1. e4 Nf6 2. e5 Nd5 3. d4 d6 4. c4 Nb6 5. exd6 cxd6 6. d5 e5 7. Nc3 Be7 8. Bd3 0-0 9. Nge2 f5 10. b3 N8d7 11. f4 Bh4+ 12. g3 e4 13. Bc2 Bf6 14. 0-0 Nc5 15. Be3 Bd7 16. Rc1 Rc8 17. Nd4 Qe7 18. Bb1 Rfe8 19. Ncb5 a6 20. Nc3 g6 21. Kh1 Qg7 22. Nce2 h5 23. b4 Nd3 24. Bxd3 exd3 25. Qxd3 Nxc4 26. Bf2 b5 27. Rc2 Qf7 28. Nc3 Na3 29. Rd2 Nc4 30. Rc2 Re7 31. a4 bxa4 32. Kg1 Na3 33. Ra2 Nb5 34. Ncxb5 axb5 35. Nxb5 Bxb5 36. Qxb5 Rb7 37. Qxa4 Qxd5 38. Rd1 Qe6 39. Rad2 Be7 40. b5 Qc4 41. Qxc4+ Rxc4 42. b6 Kf7 43. Ra2 Ke6 44. Ra7 Rb8 45. Re1+ Re4 46. Rc1 Rb4 47. Re1+ Re4 48. Rb1 Rc4 49. Kf1 Bd8 50. b7 Rc7 51. Ra8 Rbxb7 52. Rxb7 Rxb7 53. Rxd8 Rb1+ 54. Kg2 Rb2 55. Kf3 Rb3+ 56. Be3 Ra3 57. Ke2 Ra2+ 58. Bd2 Ra3 59. Rxd6+ Kf7 60. Bb4 Rb3 61. Bc5 h4 62. gxh4 Rh3 63. Rd7+ Ke6 64. Re7+ Kf6 65. Rh7 Rxh2+ 66. Kf3 Ke6 67. Be7 Kd5 68. Rg7 Rh3+ 69. Kf2 Rh2+ 70. Kg3 Re2 71. Bg5 Re3+ 72. Kf2 Re6 73. Rd7+ Kc4 74. Rf7 Ra6 75. Rf6 Ra2+ 76. Ke3 Ra3+ 77. Kd2 Ra2+ 78. Kc1 Kc3 79. Rc6+ Kd3 80. Rxg6 Rh2 81. Rd6+ Ke4 82. Rd2 Rh1+ 83. Kc2 Kf3 84. Rd5 Kg4 85. Kc3 Rh2 86. Kd4 Rh1 87. Ke5 Re1+ 88. Kf6 Ra1 89. Rd6 Ra8 90. Kg6 Rg8+ 91. Kf7 Ra8 92. Rd4 Kh5 93. Be7 Ra6 94. Rd8 Ra4 95. Rh8+ Kg4 96. Bd6 Ra6 97. Ke6 Ra5 98. h5 Ra7 99. h6 Kh5 100. Kxf5 Rf7+ 101. Ke6 1-0

[Event "Olympiad Women-42"]
[Site "Baku"]
[Date "2016.09.13"]
[Round "11.2"]
[White "Durno, Joy"]
[Black "Boric, Elena"]
[Result "0-1"]
[WhiteElo "1894"]
[BlackElo "2216"]
[PlyCount "56"]
[EventDate "2016.09.02"]
[EventType "team-swiss"]
[EventRounds "11"]
[EventCountry "AZE"]
[SourceTitle "CBM 174 Extra"]
[Source "ChessBase"]
[SourceDate "2016.10.10"]
[SourceVersion "1"]
[SourceVersionDate "2016.10.10"]
[SourceQuality "1"]
[WhiteTeam "Scotland (W)"]
[BlackTeam "Bosnia&Herzegovina (W)"]
[WhiteTeamCountry "SCO"]
[BlackTeamCountry "BIH"]

1. e4 Nf6 2. e5 Nd5 3. c4 Nb6 4. d4 d6 5. Nf3 g6 6. Nbd2 Bg7 7. Be2 dxe5 8. dxe5 Nc6 9. c5 Nd5 10. Bb5 0-0 11. Bxc6 bxc6 12. 0-0 Nb4 13. a3 Nd3 14. Nc4 Be6 15. Qc2 Nxc5 16. Rd1 Bf5 17. Rxd8 Bxc2 18. Rxa8 Rxa8 19. Be3 Nb3 20. Re1 a5 21. Nd4 Nxd4 22. Bxd4 Bb3 23. Ne3 Rd8 24. Bc3 a4 25. f4 f6 26. Ng4 Kf7 27. exf6 exf6 28. Re2 Bd1 0-1

[Event "Olympiad Women-42"]
[Site "Baku"]
[Date "2016.09.12"]
[Round "10.2"]
[White "Boric, Elena"]
[Black "Boshra, Alshaeby"]
[Result "1-0"]
[WhiteElo "2216"]
[BlackElo "1983"]
[PlyCount "97"]
[EventDate "2016.09.02"]
[EventType "team-swiss"]
[EventRounds "11"]
[EventCountry "AZE"]
[SourceTitle "CBM 174 Extra"]
[Source "ChessBase"]
[SourceDate "2016.10.10"]
[SourceVersion "1"]
[SourceVersionDate "2016.10.10"]
[SourceQuality "1"]
[WhiteTeam "Bosnia&Herzegovina (W)"]
[BlackTeam "Jordan (W)"]
[WhiteTeamCountry "BIH"]
[BlackTeamCountry "JOR"]

1. e4 g6 2. Nf3 Bg7 3. d4 d6 4. Be2 Nf6 5. Nc3 0-0 6. 0-0 Na6 7. Bg5 h6 8. Bh4 g5 9. Bg3 Nh5 10. a3 Nxg3 11. hxg3 c5 12. d5 Nc7 13. Qd2 b5 14. Rab1 b4 15. axb4 cxb4 16. Nd1 a5 17. Ne3 Na6 18. Nd4 Nc5 19. Bf3 Qb6 20. Ndf5 Ra7 21. Nxg7 Kxg7 22. b3 f6 23. Rfe1 Rh8 24. Qd1 h5 25. Nc4 Qb5 26. Bxh5 a4 27. Be2 Qe8 28. bxa4 Nxe4 29. Rxb4 Rh1+ 30. Kxh1 Nxf2+ 31. Kg1 Nxd1 32. Bxd1 Qd7 33. Nb6 Qc7 34. Kh2 Bf5 35. c4 Ra6 36. g4 Bg6 37. a5 Rxa5 38. Ba4 Bf7 39. Bc6 Ra2 40. Rb3 Qa7 41. Ree3 Qa5 42. Rxe7 Qd2 43. Rg3 Qd4 44. Be8 Kf8 45. Rge3 Qf4+ 46. Kh3 Ra1 47. Nd7+ Kg7 48. Rxf7+ Kh8 49. Rf8+ 1-0

[Event "Olympiad Women-42"]
[Site "Baku"]
[Date "2016.09.02"]
[Round "1.48"]
[White "Shipindo, Rauha"]
[Black "Boric, Elena"]
[Result "0-1"]
[WhiteElo "1621"]
[BlackElo "2216"]
[PlyCount "68"]
[EventDate "2016.09.02"]
[EventType "team-swiss"]
[EventRounds "11"]
[EventCountry "AZE"]
[SourceTitle "CBM 174 Extra"]
[Source "ChessBase"]
[SourceDate "2016.10.10"]
[SourceVersion "1"]
[SourceVersionDate "2016.10.10"]
[SourceQuality "1"]
[WhiteTeam "Namibia (W)"]
[BlackTeam "Bosnia&Herzegovina (W)"]
[WhiteTeamCountry "NAM"]
[BlackTeamCountry "BIH"]

1. e4 Nf6 2. e5 Nd5 3. d4 d6 4. f4 g6 5. Nf3 Bg7 6. Bc4 Nb6 7. Bb3 0-0 8. 0-0 Nc6 9. a3 Bg4 10. Be3 dxe5 11. fxe5 Bxf3 12. Rxf3 Nxe5 13. Rf1 Nec4 14. Bxc4 Nxc4 15. Bf2 Nxb2 16. Qg4 Nc4 17. c3 Qd5 18. Qe2 e6 19. Nd2 Nxd2 20. Qxd2 c5 21. Rab1 cxd4 22. cxd4 Rad8 23. Rfd1 Rd7 24. Qb4 b6 25. Rbc1 e5 26. dxe5 Qxd1+ 27. Rxd1 Rxd1+ 28. Be1 a5 29. Qc3 Re8 30. Kf2 Bxe5 31. Qc6 Bd4+ 32. Kf3 Rdxe1 33. Qd5 R1e3+ 34. Kf2 Rd3+ 0-1

[Event "Sharjah op (Women)"]
[Site "Sharjah"]
[Date "2014.11.16"]
[Round "3"]
[White "Boric, Elena"]
[Black "Abdulla, Khayala Mardan Qizi"]
[Result "1/2-1/2"]
[WhiteElo "2182"]
[BlackElo "2299"]
[PlyCount "53"]
[EventDate "2014.11.15"]
[EventType "swiss"]
[EventRounds "9"]
[EventCountry "UAE"]
[SourceTitle "CBM 163 Extra"]
[Source "ChessBase"]
[SourceDate "2014.12.23"]
[SourceVersion "1"]
[SourceVersionDate "2014.12.23"]
[SourceQuality "1"]

1. e4 c5 2. Nf3 e6 3. d4 d5 4. exd5 exd5 5. Be2 Nc6 6. 0-0 Bd6 7. dxc5 Bxc5 8. Nc3 Nge7 9. Bf4 a6 10. Qd2 0-0 11. a3 Be6 12. Rad1 Qd7 13. Ne5 Nxe5 14. Bxe5 Ng6 15. Bg3 Rad8 16. Bf3 d4 17. Ne2 Qb5 18. b4 Ba7 19. Rfe1 Rd7 20. Nf4 Nxf4 21. Bxf4 Rc8 22. Be4 Bg4 23. Bd3 Qc6 24. Ra1 Qc3 25. h3 Qxd2 26. Bxd2 Be6 27. a4 1/2-1/2

[Event "Mediterranean Cup 9th"]
[Site "Chania"]
[Date "2014.09.07"]
[Round "7"]
[White "Boric, Elena"]
[Black "Shabanaj, Alda"]
[Result "1/2-1/2"]
[WhiteElo "2201"]
[BlackElo "1909"]
[PlyCount "137"]
[EventDate "2014.09.03"]
[EventType "swiss"]
[EventRounds "9"]
[EventCountry "GRE"]
[SourceTitle "CBM 162 Extra"]
[Source "ChessBase"]
[SourceDate "2014.10.17"]
[SourceVersion "1"]
[SourceVersionDate "2014.10.17"]
[SourceQuality "1"]

1. e4 c6 2. d4 d5 3. exd5 cxd5 4. Bd3 Nf6 5. c3 Bg4 6. Qb3 Qc7 7. Na3 a6 8. h3 Bd7 9. Ne2 e6 10. Bf4 Qc8 11. 0-0 Be7 12. Nb1 Nc6 13. Nd2 h6 14. Rad1 Na5 15. Qc2 Nc4 16. Nf3 Nd6 17. a4 b5 18. Ne5 0-0 19. a5 Be8 20. Qc1 Nh7 21. Ng3 g5 22. Bd2 Nc4 23. b4 Nxe5 24. dxe5 f5 25. exf6 Bxf6 26. Qc2 Ra7 27. Be3 Rg7 28. Bc5 Be7 29. Bd4 Bf6 30. Bc5 Be7 31. Bxe7 Rxe7 32. Bg6 Bxg6 33. Qxg6+ Rg7 34. Qxh6 Rf6 35. Qh5 Qxc3 36. Qe8+ Nf8 37. Nh5 g4 38. Rd3 Qe5 39. Nxf6+ Qxf6 40. Rg3 gxh3 41. Rxh3 Qd4 42. Qh5 Rg6 43. Re1 Qxb4 44. Ree3 Qb1+ 45. Kh2 Qb2 46. Reg3 Qg7 47. Rxg6 Nxg6 48. Rg3 Kf7 49. Qf3+ Ke7 50. Rh3 Ne5 51. Qd1 Nc4 52. Qb1 Qe5+ 53. g3 Qc3 54. Qh7+ Kd6 55. Qf7 Qxa5 56. Qf8+ Kc6 57. Rh6 Qc7 58. Rxe6+ Nd6 59. Qa8+ Kc5 60. Qxa6 b4 61. Re1 Nc4 62. Qa2 Qb7 63. Qb3 d4 64. Rc1 Qd5 65. Qd3 Kb5 66. Kg1 Kc5 67. g4 Qg8 68. f3 Qe6 69. Kf2 1/2-1/2

[Event "Mediterranean Cup 9th"]
[Site "Chania"]
[Date "2014.09.06"]
[Round "5"]
[White "Boric, Elena"]
[Black "Kalogeris, Ioannis"]
[Result "1-0"]
[WhiteElo "2201"]
[BlackElo "2066"]
[PlyCount "103"]
[EventDate "2014.09.03"]
[EventType "swiss"]
[EventRounds "9"]
[EventCountry "GRE"]
[SourceTitle "CBM 162 Extra"]
[Source "ChessBase"]
[SourceDate "2014.10.17"]
[SourceVersion "1"]
[SourceVersionDate "2014.10.17"]
[SourceQuality "1"]

1. e4 c5 2. Nf3 e6 3. d3 d5 4. Nbd2 Nc6 5. g3 Nf6 6. Bg2 Be7 7. 0-0 b6 8. c3 Qc7 9. Re1 Bb7 10. Nf1 0-0-0 11. Qa4 dxe4 12. dxe4 a6 13. Bf4 e5 14. Bg5 Nd7 15. Bd2 b5 16. Qc2 Nb6 17. Ne3 Qd7 18. Rad1 Qe6 19. a4 Na5 20. axb5 axb5 21. b4 Nac4 22. bxc5 Bxc5 23. Nxc4 Nxc4 24. Bc1 f6 25. Nd2 Na5 26. Nf1 Qb3 27. Qe2 Nc4 28. Qg4+ Kb8 29. Qxg7 Rxd1 30. Qxh8+ Ka7 31. Rxd1 Qxd1 32. Bh6 Qe1 33. Qxf6 Qxc3 34. Bf8 Bxf8 35. Qxf8 b4 36. Qc5+ Ka6 37. Bf3 Qxf3 38. Qxc4+ Ka5 39. Qc5+ Ka4 40. Qa7+ Kb3 41. Qxb7 Ka3 42. Qd5 Qc3 43. Nd2 Kb2 44. Nc4+ Kc2 45. Ne3+ Kc1 46. Qd1+ Kb2 47. Qe2+ Kb1 48. Nd1 Qc2 49. Qe1 b3 50. Kg2 Qc1 51. h4 Kc2 52. Qc3+ 1-0

[Event "Mediterranean Cup 9th"]
[Site "Chania"]
[Date "2014.09.06"]
[Round "6"]
[White "Erdogdu, Mert"]
[Black "Boric, Elena"]
[Result "1-0"]
[WhiteElo "2416"]
[BlackElo "2201"]
[PlyCount "73"]
[EventDate "2014.09.03"]
[EventType "swiss"]
[EventRounds "9"]
[EventCountry "GRE"]
[SourceTitle "CBM 162 Extra"]
[Source "ChessBase"]
[SourceDate "2014.10.17"]
[SourceVersion "1"]
[SourceVersionDate "2014.10.17"]
[SourceQuality "1"]

1. e4 Nf6 2. e5 Nd5 3. c4 Nb6 4. d4 d6 5. exd6 cxd6 6. Nc3 g6 7. Be3 Bg7 8. Rc1 0-0 9. b3 f5 10. d5 N8d7 11. Bd4 Nf6 12. Nf3 e5 13. dxe6 Bxe6 14. Be2 h6 15. 0-0 g5 16. Re1 Bf7 17. Bd3 Bg6 18. Qc2 Nh5 19. g3 Bxd4 20. Nxd4 Rf6 21. Bxf5 Bxf5 22. Nxf5 Qf8 23. Ne7+ Kg7 24. Ncd5 Nxd5 25. Nxd5 Rf7 26. Re6 Nf6 27. Qb2 Re8 28. Rce1 Rxe6 29. Rxe6 Qd8 30. Qd4 b6 31. f3 Qf8 32. Kf2 Qd8 33. Ke3 Qf8 34. h3 Qd8 35. f4 gxf4+ 36. Kxf4 Kg6 37. g4 1-0

[Event "Mediterranean Cup 9th"]
[Site "Chania"]
[Date "2014.09.03"]
[Round "1"]
[White "Boric, Elena"]
[Black "Archoleon, Konstantinos"]
[Result "1-0"]
[WhiteElo "2201"]
[BlackElo "1211"]
[PlyCount "47"]
[EventDate "2014.09.03"]
[EventType "swiss"]
[EventRounds "9"]
[EventCountry "GRE"]
[SourceTitle "CBM 162 Extra"]
[Source "ChessBase"]
[SourceDate "2014.10.17"]
[SourceVersion "1"]
[SourceVersionDate "2014.10.17"]
[SourceQuality "1"]

1. e4 e5 2. Nf3 Nc6 3. Bb5 d6 4. c3 Bg4 5. h3 Bxf3 6. Qxf3 Nf6 7. 0-0 a6 8. Ba4 b5 9. Bb3 Na5 10. Bc2 Be7 11. d4 0-0 12. Rd1 Qe8 13. Nd2 h6 14. Nf1 g5 15. Ng3 Kh7 16. dxe5 dxe5 17. Qf5+ Kh8 18. Qxe5 Nc4 19. Qf5 Qc8 20. b3 Qxf5 21. Nxf5 Na3 22. Bd3 Rad8 23. Nxe7 Nxe4 24. Bxa3 1-0